000 01148nam0a22002891 4500
001 RU\INFOCOMM_322\NLR\5000195537
005 20250614080111.0
035 _a(NLR Aleph) 010593228
090 _a10510121
_c10510121
100 _a20130225d1973 |||y0rusy50 ca
101 0 _afre
102 _aRU
105 _ay z||||
200 1 _aMot de passe
_eANGUIMO
_eReportages en Angola, Guinée-Bissau et Mozambique
_f[Par] Piotr Evsioukov, Oleg Ignatiev, Pavel Mikhalev [et] Anatoli Nikanorov
210 _aM.
_cÉd. de l'Agence de presse "Novosti"
_d1973
215 _a160, [9] с.
_cил., портр.
_d17 см
300 _aВ вып. дан.: П. Евсюков [и др.]. Пароль - АНГИМО
606 0 _aНационально-освободительное движение
_yАфриканские государства
_z20 в.
_2nlr_sh1
620 _aМосква
686 _aТ3(6)63-4
_2rubbk
701 1 _9z01790
_aEvsjukov
_bP. N.
_gPetr Nikitovič
790 1 _9z01701
_aEvsioukov
_bP.
_gPiotr
_4070
801 1 _aRU
_bInfocomm
_c20130225
801 0 _aRU
_bINFOCOMM
_gPSBO
852 _aNLR
_jИ87 Д-1/15
942 _cBOOK
980 _aNB